AN INVESTIGATION INTO PROBLEMS OF LEARNING CAE SPEAKING PART 3 AMONG THE THIRD-YEAR STUDENT AT DEPARTMENT OF ENGLISH-UFLS /
Kaydedildi:
| Yazar: | |
|---|---|
| Materyal Türü: | Kitap |
| Dil: | English |
| Baskı/Yayın Bilgisi: |
ĐHNN,
2016.
|
| Konular: | |
| Etiketler: |
Etiketle
Etiket eklenmemiş, İlk siz ekleyin!
|
| Thư viện lưu trữ: | Mạng thư viện Đại học Đà Nẵng |
|---|
| LEADER | 01218nam a22003371a 4500 | ||
|---|---|---|---|
| 001 | 000041194 | ||
| 003 | 17490 | ||
| 005 | 20230314144709.0 | ||
| 008 | 170313s2016 vm 000 eng | ||
| 040 | |a LNN | ||
| 041 | |a eng | ||
| 082 | |a 428.3 |b LÊ-T | ||
| 100 | |a LÊ ,PHẠM UYÊN TRÚC | ||
| 245 | 3 | |a AN INVESTIGATION INTO PROBLEMS OF LEARNING CAE SPEAKING PART 3 AMONG THE THIRD-YEAR STUDENT AT DEPARTMENT OF ENGLISH-UFLS / |c Lê Phạm Uyên Trúc. | |
| 260 | |a ĐHNN, |c 2016. | ||
| 300 | |a 83tr . : ill ; 30cm. | ||
| 650 | |a WRITING PAPERS EXPERIENCED , ENGLISH DEPARTMENT AT UNIVERSITY OF FOREIGN . | ||
| 852 | |c Luận văn sinh viên | ||
| OWN | |a LNN | ||
| AVA | |a UDN50 |b LNN |c English |d 428.3 LÊ-T |e available |t Error 5001 Not defined in file expand_doc_bib_avail. |f 2 |g 0 |h N |i 0 |j AN | ||
| 999 | |a From the UDN01 | ||
| AVA | |a UDN50 |b LNN |c English |d 428.3 LÊ-T |e available |t Error 5001 Not defined in file expand_doc_bib_avail. |f 2 |g 0 |h N |i 0 |j AN | ||
| TYP | |a Monograph | ||
| TYP | |a Printed language | ||
| 980 | |a Mạng thư viện Đại học Đà Nẵng | ||